Prognóza základních směrů v oblasti surovin pro hutnícko-strojírensko-elektrotechnický komplex. Díl 1 : Nerostné suroviny pro hutnictví. SIVO 2355 /

Uložené v:
Podrobná bibliografia
Ďalší autori: Waisserová, Eva (Návrhár)
Médium: Kniha
Jazyk:Czech
Vydavateľské údaje: Praha : UVTEI, 1990
Predmet:
Tagy: Pridať tag
Žiadne tagy, Buďte prvý, kto otaguje tento záznam!

MARC

LEADER 00000nam a22000003a 4500
001 stu40923
005 20150617225723.0
008 930601s1990----cs------------------cze-d
040 |a STU  |b slo 
041 0 |a cze 
044 |a cs 
080 |a 330.341.1 
080 |a 669.2/.8 
100 1 |a Waisserová, Eva  |4 drm 
245 1 |a Prognóza základních směrů v oblasti surovin pro hutnícko-strojírensko-elektrotechnický komplex. Díl 1 :  |b Nerostné suroviny pro hutnictví. SIVO 2355 /  |c Vyprac. E. Waisserová 
260 |a Praha :  |b UVTEI,  |c 1990 
300 |a 85 s 
650 7 |a VTR  |2 stusub 
650 7 |a hutníctvo  |2 stusub 
996 |b 284M021887  |c M*7566-1  |l MMKN  |s A  |a 24  |w stu40923_0001